Step by step mexican cuisine (Record no. 395650)
[ view plain ]
| 000 -LEADER | |
|---|---|
| fixed length control field | 00481 a2200193 4500 |
| 005 - DATE & TIME | |
| control field | 20260408164329.0 |
| 008 - FIXED-LENGTH DATA ELEMENTS--GENERAL INFORMATION | |
| fixed length control field | 260408b |||||||| |||| 00| 0 eng d |
| 020 ## - ISBN | |
| International Standard Book Number | 9788182040984 |
| Price | Rs. 1250.00 |
| 040 ## - CATALOGING SOURCE | |
| Original cataloging agency | IHTM Library |
| 082 ## - DDC NUMBER | |
| Classification number | 641.5972 |
| Book Number | M691S |
| 100 ## - MAIN ENTRY--PERSONAL NAME | |
| Personal name | Misra, Pankaj |
| 245 ## - TITLE STATEMENT | |
| Title | Step by step mexican cuisine |
| 260 ## - PUBLICATION, DISTRIBUTION, ETC. (IMPRINT) | |
| Name of publisher, distributor, etc | Aman Publications |
| Date of publication, distribution, etc | 2018 |
| Place of publication, distribution, etc | Delhi |
| 300 ## - PHYSICAL DESCRIPTION | |
| Pages | x, 115 |
| 650 ## - Subject | |
| Subject | Hotel Management |
| 650 ## - Subject | |
| Subject | Cooking |
| 650 ## - Subject | |
| Subject | Mexico |
| 942 ## - ADDED ENTRY ELEMENTS (KOHA) | |
| Koha item type | Books |
| Withdrawn status | Lost status | Source of classification or shelving scheme | Damaged status | Not for loan | Location (home branch) | Sublocation or collection (holding branch) | Shelving location | Date acquired | Koha issues (times borrowed) | Koha full call number | Accession No. | Koha date last seen | Koha item type |
|---|---|---|---|---|---|---|---|---|---|---|---|---|---|
| Dewey Decimal Classification | VIVEKANANDA LIBRARY | VIVEKANANDA LIBRARY | IHTM Library | 21/01/2026 | 641.5972 M691S | 425210 | 21/01/2026 | Books |
